The Imitation of Christ (Record no. 20934)
[ view plain ]
| 000 -LEADER | |
|---|---|
| fixed length control field | 00306nam a22001337a 4500 |
| 082 ## - DEWEY DECIMAL CLASSIFICATION NUMBER | |
| Classification number | 248 KEM |
| 100 ## - MAIN ENTRY--AUTHOR NAME | |
| Author name | Kempis, Thomas A. |
| 245 ## - TITLE STATEMENT | |
| Title | The Imitation of Christ |
| 260 ## - PUBLICATION, DISTRIBUTION, ETC. (IMPRINT) | |
| Place of publication | Great Britain |
| Name of publisher | Fontana Books |
| Year of publication | 1963 |
| 300 ## - PHYSICAL DESCRIPTION | |
| Number of Pages | 253 |
| 650 ## - SUBJECT ADDED ENTRY--TOPICAL TERM | |
| Topical Term | Spirituality-Christian |
| 942 ## - ADDED ENTRY ELEMENTS (KOHA) | |
| Koha item type | Books |
| Home library | Current library | Shelving location | Date acquired | Source of acquisition | Full call number | Accession Number | Koha item type |
|---|---|---|---|---|---|---|---|
| Henry Martyn Institute Library | Henry Martyn Institute Library | General stacks | 03/10/2015 | Dr. Andreas | 248 KEM | 11002893 | Books |
